Nueva hegemonía y bloque popular en el poder en México: de cara a las elecciones del año 2000 /
El autor recalca que en Méjico durante varias décadas la hegemonía la ejerció una élite política llamada familia revolucionaria sin embargo, a partir de los años noventa comienza a ser sustituida por una nueva hegemonía dirigida por algunos empresarios, quienes participan más directamente en el act...
Kaydedildi:
| Yazar: | |
|---|---|
| Diğer Yazarlar: | |
| Materyal Türü: | Metin |
| Konular: | |
| Etiketler: |
Etiketle
Etiket eklenmemiş, İlk siz ekleyin!
|
MARC
| LEADER | 00000 a a2200000 04500 | ||
|---|---|---|---|
| 001 | 15362 | ||
| 003 | |||
| 040 | |||
| 100 | |a Piñón, Ma. Auxilio | ||
| 245 | |a Nueva hegemonía y bloque popular en el poder en México: |b de cara a las elecciones del año 2000 / |c Ma. Auxilio Piñón ; Rutilio Tomás Rea Becerra | ||
| 520 | |a El autor recalca que en Méjico durante varias décadas la hegemonía la ejerció una élite política llamada familia revolucionaria |a sin embargo, a partir de los años noventa comienza a ser sustituida por una nueva hegemonía dirigida por algunos empresarios, quienes participan más directamente en el actual proceso electoral |a aún así, se considera que el Estado no es una extensión de la clase empresarial. REV/LCL | ||
| 650 | |a PODER POLITICO | ||
| 650 | |a GOBIERNO CENTRAL | ||
| 650 | |a ESTADO | ||
| 650 | |a ELECCIONES | ||
| 650 | |a LIDERAZGO POLITICO | ||
| 650 | |a GRUPOS DE INTERESES | ||
| 650 | |a PUB.IIS | ||
| 700 | |a Rea Becerra, Rutilio Tomás | ||
| 773 | |g volumen 42, número 88 (2); páginas 19-28 | ||
| 999 | |c 31950 |d 31950 | ||
| 773 | 0 | |0 18728 |9 3049 |a Universidad de Costa Rica |d San José, Costa Rica Editorial UCR 1956- |o 18176 |t Revista de Ciencias Sociales/ |x 04825276 | |
